Caricamento...

devayanam

Dettagli Bibliografici
Autore principale: Devan ,MV
Natura: Printed Book
Lingua:Malayalam
Pubblicazione: Trichur Currand Books 2003
LEADER 00362nam a2200109Ia 4500
008 111205s9999 xx 000 0 mal d
100 |a Devan ,MV 
245 |a devayanam  |c Devan ,MV 
260 |b Currand Books  |a Trichur  |c 2003 
942 |c BK 
999 |c 228480  |d 228480 
952 |0 0  |1 0  |4 0  |7 0  |9 252319  |a MAL  |b MAL  |c ST1  |d 2011-12-05  |g 0.00  |j 0  |l 0  |p MAL29028  |r 2015-04-13  |v 50.00  |w 2015-04-13  |y BK  |k 1.00